000 00325nam a2200133Ia 4500
008 150731s2015 xx 000 0 und d
082 _a611
_bG 15 D
100 _aDRAKE, RICHARD L.
245 _aGRAY'S ANATOMY FOR STUDENTS
250 _a3 RD
260 _bELSEVIER- INDIA DELHI
_c2015
300 _a1161
942 _2ddc
_cBK
_01
999 _c7982
_d7982